Photos des années 1990 - Statistiques

Statistiques générales
  • Ce quiz a été pris 56 fois
  • Le résultat moyen est 4 sur 10
Statistiques - réponses
Hint Réponse % Correct
1998
Coupe du monde en France
65%
1990
- coupe du monde en Italie
- réunification de l'Allemagne
- l'Irak envahi le Koweït ce qui provoque le début de la guerre du Golfe
58%
1997
- sortie du film Titanic
- le Royaume-Uni perd sa dernière colonie (Hong-Kong)
- décès de Lady Diana
58%
1992
- Jeux olympiques de Barcelone
- signature du traité de Maastricht
- dissolution de la Yougoslavie
58%
1993
- dissolution de la Tchécoslovaquie
- indépendance de l'Érythrée
- mort de Pablo Escobar
52%
1996
- sortie de la macarena
- jeux olympiques d'Atlanta
- Dolly devient le premier mammifères a être cloné
46%
1995
- découverte de la première exoplanète
- fin de la guerre de Bosnie
- bombardements terroristes a Oklahoma City
29%
1991
Fin de la guerre du Golfe avec l'opération Tempête du désert
27%
1999
Eclipse solaire du 11 août
27%
1994
Boris Eltsine et Bill Clinton signent les accords du Kremlin
21%
Aucun quiz correspondant
Distribution des résultats
% des personnes avec chaque résultat
Percentile par nombre de réponses
Votre historique - résultats
Vous n’avez pas pris ce quiz